01183 a2200169 4500003000500000005001700005020001500022040000900037082001200046100002000058245006300078250001200141260002800153300001100181505080800192650001301000NUST20221124181612.0 a0195847466 cNust a530,CHR aChristopher ,WU aSolutions To Problems In A Level Physics /cChristopher WU a2nd ed. aSingaporebOxfordc1991 a217p.: aInterpreting Scientific and Problem Solving (Page-1), Errors, Significant Figures and Dimensions (Page-4), Linear and Projectile Motion (Page-9), Vector and Statics (Page-15), Newton’s Law (Page-24), Circular and Rotational Motion (Page-35), Concept of Fields (Page-42), Elasticity and Properties of Matter (Page-52), Simple Harmonic Motion and Oscillations (Page- 63), Properties of Waves (Page-73), Interference , Diffraction (Page-85), Thermometry , Ideal Gas Question, Thermal Conduction (Page-96), Kinetic Theory First Law of Thermodynamics (Page-108), Static Electricity (Page-119), Concepts of Current Electricity (Page-129), Electromagnetism (Page-139), Alternating Current and Electronics (Page-149), Photoelectric and Atomic Physics (Page-164), Radioactivity and Nuclear Physics (Page-173) . a Physics